<?xml version="1.0" encoding="UTF-8"?>
<record
    xmlns:xsi="http://www.w3.org/2001/XMLSchema-instance"
    xsi:schemaLocation="http://www.loc.gov/MARC21/slim http://www.loc.gov/standards/marcxml/schema/MARC21slim.xsd"
    xmlns="http://www.loc.gov/MARC21/slim">

  <leader>01838nas a2200277Ia 4500</leader>
  <controlfield tag="001">R235-R2301</controlfield>
  <controlfield tag="003">IT-CnALBA</controlfield>
  <controlfield tag="008">170116c99999999xx ||||||||||||   ||und||</controlfield>
  <datafield tag="040" ind1=" " ind2=" ">
    <subfield code="a">IT-CnALBA</subfield>
    <subfield code="c">IT-CnALBA</subfield>
  </datafield>
  <datafield tag="041" ind1=" " ind2=" ">
    <subfield code="a">ITALIANO</subfield>
  </datafield>
  <datafield tag="100" ind1=" " ind2=" ">
    <subfield code="a">BERGAMASCHI PIETRO, MONS. DOTT.</subfield>
  </datafield>
  <datafield tag="210" ind1=" " ind2=" ">
    <subfield code="a">REGINA DEI CUORI</subfield>
  </datafield>
  <datafield tag="222" ind1=" " ind2=" ">
    <subfield code="a">REGINA DEI CUORI</subfield>
  </datafield>
  <datafield tag="245" ind1=" " ind2="0">
    <subfield code="a">REGINA DEI CUORI. N. II. ANNO I. MARZO 1915. RIVISTA MENSILE DELLA DIVOZIONE DI MARIANA. </subfield>
    <subfield code="b"> RIVISTA MENSILE DELLA DIVOZIONE DI MARIANA</subfield>
  </datafield>
  <datafield tag="250" ind1=" " ind2=" ">
    <subfield code="a">1a ed.</subfield>
  </datafield>
  <datafield tag="260" ind1=" " ind2=" ">
    <subfield code="a"> ROMA</subfield>
    <subfield code="b">FERRARI FRANCESCO LIBR. ED. REL. </subfield>
    <subfield code="c">1915</subfield>
  </datafield>
  <datafield tag="300" ind1=" " ind2=" ">
    <subfield code="a">31 p. </subfield>
  </datafield>
  <datafield tag="310" ind1=" " ind2=" ">
    <subfield code="a">MENSILE</subfield>
  </datafield>
  <datafield tag="362" ind1=" " ind2=" ">
    <subfield code="a">Fascicolo: 11 / Anno: 1 (1915)</subfield>
  </datafield>
  <datafield tag="500" ind1=" " ind2=" ">
    <subfield code="a">COMMENTO AL TRATTATO DELLA VERA DEVOZIONE A MARIA VERGINE. GLOSSA LETTERALE. GEBHARD H. M. TACCUINO INEDITO DEL SANTO GRIGNION DE MONTFORT. AVE MARIA. FIORE DELLA VERGINE, POESIA. DE GIOVANNI A. FESTA DELL'ANNUNCIAZIONE. INSEGNAMENTO DI MARIA. CREAZIONE SOVRANA IN MARIA. VITA DEL BEATO GRIGNION DE MONTFORT. NOTE D'ARTE, L'ANNUNCIAZIONE. THIOLY C. VISITA IN TERRASANTA, IMPRESSIONI ED EMOZIONI. TERESA PIA. CRONACA DELL'ARCICONFRATERNITA. PRATICA DEL MESE. POSTA DEI LETTORI. </subfield>
  </datafield>
  <datafield tag="501" ind1=" " ind2=" ">
    <subfield code="a">Societ&#xE0; San Paolo EM - Piazza San Paolo, 14 - 12051 ALBA (CN)  (non commercial uses only) &#xAE; Copyright 2017</subfield>
  </datafield>
  <datafield tag="520" ind1=" " ind2=" ">
    <subfield code="a">COMMENTO AL TRATTATO DELLA VERA DEVOZIONE A MARIA VERGINE. GLOSSA LETTERALE. GEBHARD H. M. TACCUINO INEDITO DEL SANTO GRIGNION DE MONTFORT. AVE MARIA. FIORE DELLA VERGINE, POESIA. DE GIOVANNI A. FESTA DELL'ANNUNCIAZIONE. INSEGNAMENTO DI MARIA. CREAZIONE SOVRANA IN MARIA. VITA DEL BEATO GRIGNION DE MONTFORT. NOTE D'ARTE, L'ANNUNCIAZIONE. THIOLY C. VISITA IN TERRASANTA, IMPRESSIONI ED EMOZIONI. TERESA PIA. CRONACA DELL'ARCICONFRATERNITA. PRATICA DEL MESE. POSTA DEI LETTORI. </subfield>
  </datafield>
  <datafield tag="650" ind1=" " ind2=" ">
    <subfield code="a">MARIOLOGIA</subfield>
  </datafield>
  <datafield tag="942" ind1=" " ind2=" ">
    <subfield code="c">CR</subfield>
  </datafield>
  <datafield tag="957" ind1=" " ind2=" ">
    <subfield code="7">1</subfield>
  </datafield>
  <datafield tag="999" ind1=" " ind2=" ">
    <subfield code="a">12278</subfield>
    <subfield code="b">SI </subfield>
    <subfield code="g">1</subfield>
    <subfield code="c">320375</subfield>
    <subfield code="d">320375</subfield>
  </datafield>
  <datafield tag="952" ind1=" " ind2=" ">
    <subfield code="0">0</subfield>
    <subfield code="1">0</subfield>
    <subfield code="4">0</subfield>
    <subfield code="6">R_235R2301</subfield>
    <subfield code="7">1</subfield>
    <subfield code="a">ALBA</subfield>
    <subfield code="b">ALBA</subfield>
    <subfield code="d">2017-01-16</subfield>
    <subfield code="l">0</subfield>
    <subfield code="o">R235-R2301</subfield>
    <subfield code="r">2017-01-16 00:00:00</subfield>
    <subfield code="w">2017-01-16</subfield>
    <subfield code="y">CR</subfield>
    <subfield code="z">(data import: 16 gennaio 2017) - By Epidotti, Vaglietti. </subfield>
  </datafield>
</record>
